000 00221 a2200097 4500
001 43273
100 _aStarbuch
245 _aCollege readings for induction
260 _aNew York
_bDryden press
_c
090 _c27115
_d27115
942 _aNUST-CAE
_cM
_c19020
999 _c278346
_d278346